000 00566nam a2200229Ia 4500
003 OSt
005 20220924144501.0
006 a|||||r|||| 00| 0
007 ta
008 220923b |||||||| |||| 00| 0 urd d
024 _a314827
037 _cTextual
040 _aARTS
_cARTS
_burd
041 _2urd
_aurd
082 _aO168,1N341x, K9
100 _aShifai Khalid
_9217700
245 0 _aSang-o-saman
260 _c1968
650 _aURDU POETRY
942 _hO168,1N341x, K9
_cTEXL
_2CC
999 _c457200
_d457200